[Event "Quebec-ch U14"]
[Site "Montreal"]
[Date "2015.01.16"]
[Round "1"]
[White "Mikailov, Dimitri"]
[Black "Saine, Zachary"]
[Result "0-1"]
[WhiteElo "1058"]
[BlackElo "1644"]
[PlyCount "72"]
[EventDate "2015.01.16"]
[EventType "swiss"]
[EventRounds "5"]
[EventCountry "CAN"]
[SourceTitle "EXT 2022"]
[Source "ChessBase"]
[SourceDate "2021.10.06"]
[SourceVersion "1"]
[SourceVersionDate "2021.10.06"]
[SourceQuality "1"]

1. d4 d5 2. c4 e6 3. Nc3 c6 4. Bf4 dxc4 5. e4 b5 6. a3 Nf6 7. Nf3 Bb7 8. b3 b4 9. e5 Nfd7 10. Ne4 cxb3 11. Qxb3 Nb6 12. Bc4 a5 13. 0-0 Nxc4 14. axb4 Bxb4 15. Rfd1 Nb6 16. Bg5 Qd7 17. Nc5 Bxc5 18. dxc5 Nd5 19. Rab1 Ra7 20. Ra1 0-0 21. Nh4 h6 22. Bc1 Qe7 23. Qa3 Kh7 24. Qd3+ Kh8 25. Nf3 Ba6 26. Qd2 Rd7 27. Qxa5 Be2 28. Re1 Bxf3 29. gxf3 f6 30. Qa3 f5 31. Qb3 Rb7 32. Qd3 Rd8 33. Rd1 Nd7 34. Qd4 Rb4 35. Qd2 Nxe5 36. Qe1 Nxf3+ 0-1